000 00843nam a22002177a 4500
999 _c11497
_d11497
003 AR-CdUCM
008 190404b ||||| |||| 00| 0 spa d
040 _aMUNICIPALIDAD PROVINCIAL DEL CUSCO
_cBIBLIOTECA MUNICIPAL DEL CUSCO
082 _a985.611 /
_bUC15 / 1957
100 _aUceda Castañeda, Carlos E.
_928899
245 _aLey Prado :
_bClave del resurgimiento del Cuzco /
260 _aLima :
_bEdiciones C.E.U.C.,
_c1957.
300 _a119 páginas ;
_bfotografías,
_c24 cm.
505 _aContenido: El descentralismo en acción -- La ley Manuél Prado -- El Cuzco ha ganado una gran batalla -- Bienvenida en el aeropuerto -- Imponente concentración popular ...
650 _aCuzco
_97693
650 _aHistoria, 1945-56
_928900
650 _aLey
_97887
650 _aManuél Prado
_911887
942 _2ddc
_cLIBROS
945 _aachl